[Event "Baunatal op 5th"]
[Site "Baunatal"]
[Date "1999.08.12"]
[Round "1"]
[White "Meijers, Viesturs"]
[Black "Bolduan, Sebastian"]
[Result "1-0"]
[WhiteElo "2472"]
[BlackElo "1804"]

1.e4 c5 2.Nf3 d6 3.d4 cxd4 4.Nxd4 Nf6 5.Nc3 a6 6.Be3 b5 7.Be2 Bb7 8.Bf3 Qc7
9.O-O e6 10.a3 Nbd7 11.g3 Be7 12.Bg2 O-O 13.Qe2 Ne5 14.h3 Nc4 15.Bc1 Rfd8
16.Re1 Rac8 17.g4 Qb6 18.Nb3 a5 19.a4 b4 20.Nb5 d5 21.exd5 Nxd5 22.g5 e5
23.h4 Qc6 24.Na7 Nf4 25.Bxc6 Nxe2+ 26.Kf1 Rxc6 27.Nxc6 Bxc6 28.Kxe2 Be4 29.c3 Bd3+
30.Kd1 Bf5+ 31.Nd2 b3 32.Ke2 Bd3+ 33.Kf3 Nxd2+ 34.Bxd2 e4+ 35.Kg3 Bd6+ 36.Bf4 Bxf4+
37.Kxf4 Bc2 38.Re2 Bd3 39.Re3 g6 40.Rd1 Rd5 41.f3 Rf5+ 42.Kg3 Bc2 43.fxe4 Re5
44.Rd5 Rxe4 45.Rxe4 Bxe4 46.Rxa5  1-0

[Event "MK Cafe Cup-B"]
[Site "Koszalin"]
[Date "1999.08.12"]
[Round "9"]
[White "Szelag, Marcin"]
[Black "Vaulin, Alexander"]
[Result "0-1"]
[WhiteElo "2389"]
[BlackElo "2492"]

1.e4 c5 2.Nf3 d6 3.d4 cxd4 4.Nxd4 Nf6 5.Nc3 a6 6.Be3 e5 7.Nb3 Be7 8.f3 Be6
9.Qd2 O-O 10.O-O-O b5 11.g4 b4 12.Nd5 Bxd5 13.exd5 a5 14.Kb1 Qc7 15.g5 Nfd7
16.Rg1 Nb6 17.Rg4 N8d7 18.Bb5 f5 19.Rh4 a4 20.Nc1 f4 21.Bxb6 Nxb6 22.Qg2 g6
23.Rg1 Rf7 24.Bd3 Qc8 25.Be4 Nc4 26.Qe2 Qc5 27.Qg2 Qd4 28.Nd3 b3 29.cxb3 axb3
30.axb3 Ne3 31.Qf2 Bf8 32.Re1 Rfa7 33.Kc1 Rc7+ 34.Kb1 Qa7  0-1

[Event "MK Cafe Cup-B"]
[Site "Koszalin"]
[Date "1999.08.12"]
[Round "9"]
[White "Dobrowolski, Piotr"]
[Black "Iwaniuk, Dorota"]
[Result "1-0"]
[WhiteElo "2376"]
[BlackElo "2189"]

1.e4 c5 2.Nf3 d6 3.d4 cxd4 4.Nxd4 Nf6 5.Nc3 a6 6.Be3 e5 7.Nb3 Be6 8.Qd2 Nbd7
9.f3 b5 10.g4 Nb6 11.g5 Nfd7 12.f4 Nc4 13.Bxc4 Bxc4 14.f5 Be7 15.Rg1 a5 16.Nd5 a4
17.Nc1 Bxd5 18.exd5 Qa5 19.c3 Rc8 20.a3 g6 21.Rf1 Bd8 22.Na2 Bb6 23.Nb4 Bxe3
24.Qxe3 Rc4 25.O-O-O O-O 26.Qh3 Qc7 27.Nc6 Nb8 28.Ne7+ Kh8 29.fxg6 Rxc3+
30.bxc3  1-0

[Event "MK Cafe Cup-B"]
[Site "Koszalin"]
[Date "1999.08.12"]
[Round "9"]
[White "Mista, Aleksander"]
[Black "Gurevich, Vladimir"]
[Result "0-1"]
[WhiteElo "2269"]
[BlackElo "2520"]

1.e4 c5 2.Nf3 d6 3.d4 cxd4 4.Nxd4 Nf6 5.Nc3 a6 6.Be3 e6 7.g4 h6 8.h3 b5 9.a3 Bb7
10.Bg2 Nbd7 11.f4 Nc5 12.g5 hxg5 13.fxg5 Nfxe4 14.Nxe4 Bxe4 15.Bxe4 Nxe4
16.Qg4 d5 17.O-O-O Qd7 18.Nf3 Rc8 19.Bd4 Qc7 20.Qg2 Qg3 21.Qe2 Rxh3 22.Rxh3 Qxh3
23.a4 Ng3 24.Qe3 Qf5 25.Qb3 Ne2+ 26.Kb1 Nxd4 27.Nxd4 Qg4 28.Rd3 Bc5 29.Nxb5 axb5
30.Qxb5+ Kf8 31.Rc3 e5 32.a5 Be7 33.Rxc8+ Qxc8 34.a6 Bc5 35.b4 Bd4 36.Qxd5 Ke7
37.a7 Bxa7 38.Qxe5+ Kf8 39.Qd5 g6 40.b5 Qc7 41.c4 Bc5 42.Kc2 Qh2+ 43.Kc3 Qg3+
44.Kc2 Qf2+ 45.Kb3 Qe3+ 46.Kc2 Kg7  0-1

[Event "Petermaennchen GM"]
[Site "Schwerin"]
[Date "1999.08.12"]
[Round "5"]
[White "Luther, Thomas"]
[Black "Petrosian, Arshak B"]
[Result "1-0"]
[WhiteElo "2507"]
[BlackElo "2514"]

1.e4 c5 2.Nf3 d6 3.d4 cxd4 4.Nxd4 Nf6 5.Nc3 a6 6.Be3 e5 7.Nb3 Be6 8.Qd2 Be7
9.f3 Nbd7 10.g4 h6 11.O-O-O b5 12.h4 Nb6 13.Qf2 Nfd7 14.Kb1 Qc7 15.Nd5 Bxd5
16.exd5 Nc4 17.Bc1 Qb6 18.Qe1 a5 19.a3 a4 20.Na1 Nc5 21.c3 f5 22.Nc2 f4 23.Nb4 O-O
24.g5 h5 25.Nd3 Nb3 26.Qe4 Nxc1 27.Bh3 Qe3 28.Qg6 Qxf3 29.Nxc1 Ne3 30.Be6+ Kh8
31.Rdf1 Nxf1 32.Rxf1  1-0

[Event "NED U20 op"]
[Site "Hengelo"]
[Date "1999.08.13"]
[Round "8"]
[White "Willemze, Jeroen"]
[Black "Azadmanesh, Moosa"]
[Result "1-0"]
[WhiteElo "2269"]
[BlackElo "2147"]

1.e4 c5 2.Nf3 d6 3.d4 cxd4 4.Nxd4 Nf6 5.Nc3 a6 6.Be3 Ng4 7.Bg5 h6 8.Bh4 g5
9.Bg3 Bg7 10.h3 Ne5 11.Nf5 Bxf5 12.exf5 Nbc6 13.Nd5 e6 14.fxe6 fxe6 15.Ne3 Qe7
16.Be2 d5 17.Bh5+ Nf7 18.O-O O-O 19.c3 Rad8 20.Re1 Qf6 21.Qb3 Nd6 22.Ng4 Qe7
23.Bg6 Nf5 24.Bxf5 Rxf5 25.Re2 h5 26.Ne3 Rf6 27.Nc2 Qf7 28.Nd4 Nxd4 29.cxd4 Rg6
30.Qd3 h4 31.Be5 g4 32.Bxg7 Qxg7 33.Rae1 Re8 34.Re5 Re7 35.Rxd5 gxh3 36.Rd8+ Kh7
37.Qxh3 Rg4 38.Re5 Qg6 39.f3 Rf4 40.Rd6 Qf6 41.Rdxe6 Rxe6 42.Qxe6  1-0

[Event "MK Cafe Cup-B"]
[Site "Koszalin"]
[Date "1999.08.13"]
[Round "10"]
[White "Blimke, Dalia"]
[Black "Charchalis, Piotr"]
[Result "1-0"]
[WhiteElo "2269"]
[BlackElo "2181"]

1.e4 c5 2.Nf3 d6 3.d4 cxd4 4.Nxd4 Nf6 5.Nc3 a6 6.Be3 e6 7.Be2 Be7 8.O-O O-O
9.f4 Qc7 10.Kh1 Nc6 11.Qe1 b5 12.Nxc6 Qxc6 13.Bf3 Nd7 14.a3 Bb7 15.Qg3 Rfe8
16.Rae1 Qc7 17.Bd4 e5 18.fxe5 dxe5 19.Nd5 Bxd5 20.exd5 Bd6 21.Bc3 g6 22.Be4 Nc5
23.Rf6 Qe7 24.Rf2 Nxe4 25.Rxe4 f6 26.Re1 Rf8 27.Ref1 Rf7 28.Re2 Re8 29.Rfe1 e4
30.Qe3 f5 31.Qb6 Qc7 32.Qxa6 Bxh2 33.Qxb5 Rb8 34.Qa4 Re7 35.Rd1 Bg3 36.Qd4 Re5
37.Re3 Bf2 38.Qxe5 Qxe5 39.Bxe5  1-0

[Event "Ehrat mem"]
[Site "Zurich"]
[Date "1999.08.13"]
[Round "1"]
[White "Jenni, Florian"]
[Black "Lutz, Christopher"]
[Result "1/2-1/2"]
[WhiteElo "2399"]
[BlackElo "2591"]

1.e4 c5 2.Nf3 d6 3.d4 cxd4 4.Nxd4 Nf6 5.Nc3 a6 6.Be3 Ng4 7.Bg5 h6 8.Bh4 g5
9.Bg3 Bg7 10.Be2 h5 11.Bxg4 hxg4 12.Nd5 Nc6 13.Nf5 Bxf5 14.exf5 Bxb2 15.Rb1 Qa5+
16.Qd2 Bd4 17.Qxa5 Nxa5 18.Rb4 Nc6 19.Rxb7 Ra7 20.Rxa7 Bxa7 21.Kd2 Kd7 22.Re1 Rb8
23.f6 e5 24.Re4 Ke6 25.Nc7+ Kxf6 26.Rxg4 Nd4 27.c3 Kf5 28.f3 Rb2+ 29.Kd3 Ne2
30.h4 f6 31.hxg5 fxg5 32.Kc4 Rxa2 33.Be1 Bc5 34.Re4 Ra4+ 35.Kd5 Nf4+ 36.Kc6 Rxe4
37.g4+ Kf6 38.fxe4 a5 39.Kb5 Nd3 40.Nd5+ Kg6 41.Bg3 Bg1 42.Kxa5 Nc5 43.Kb5 Nxe4
44.Be1 Bf2 45.Bxf2 Nxf2 46.Kc6 Nxg4 47.Kxd6 e4 48.c4 e3 49.Nc3 Kf5 50.c5 Ne5
51.Kd5 g4 52.Ne2 Nd3 53.Kd4 Nxc5 54.Kxc5 Ke4 55.Kc4 Kf3 56.Kd3 Kf2 57.Nf4 g3
58.Nh3+ Kg2 59.Nf4+ Kf3 60.Ne2 g2 61.Ng1+ Kf2 62.Ne2  1/2-1/2

[Event "GER-ch U20 int"]
[Site "Hamburg"]
[Date "1999.08.19"]
[Round "5"]
[White "Schneider, Henning"]
[Black "Forman, Stefan"]
[Result "1-0"]
[WhiteElo "2188"]
[BlackElo "2253"]

1.e4 c5 2.Nf3 d6 3.d4 cxd4 4.Nxd4 Nf6 5.Nc3 a6 6.Be3 Ng4 7.Bg5 h6 8.Bh4 g5
9.Be2 Bg7 10.Bg3 h5 11.Bxg4 hxg4 12.O-O Nc6 13.Nf5 Bxf5 14.exf5 Ne5 15.Nd5 Rc8
16.Re1 Rc4 17.c3 Rc5 18.f6 exf6 19.Ne3 O-O 20.Bxe5 dxe5 21.Qxg4 Qb6 22.b4 Rc6
23.Nf5 Qc7 24.h4 Rxc3 25.hxg5 Rc4 26.Ne7+ Qxe7 27.Qxc4 fxg5 28.Qc5 Qf6 29.Rad1 Re8
30.Qc7 Qe6 31.Rd8 b5 32.Qb8 Rxd8 33.Qxd8+ Kh7 34.Qxg5 Qxa2 35.Qh4+ Kg8 36.Rd1 f6
37.Rd8+ Kf7 38.Rd7+ Kf8 39.Qe4 Kg8 40.Qg6  1-0

[Event "ESP-ch"]
[Site "Palencia"]
[Date "1999.08.25"]
[Round "7"]
[White "Vehi Bach, Victor Manuel"]
[Black "Cardenas Valero, Ramon"]
[Result "1-0"]
[WhiteElo "2389"]
[BlackElo "2236"]

1.e4 c5 2.Nf3 d6 3.d4 cxd4 4.Nxd4 Nf6 5.Nc3 a6 6.Be3 Ng4 7.Bg5 h6 8.Bh4 g5
9.Bg3 Bg7 10.h3 Ne5 11.Nf5 Bxf5 12.exf5 Nbc6 13.Nd5 Nd7 14.c3 Nb6 15.f6 exf6
16.Ne3 Qd7 17.Qxd6 Qxd6 18.Bxd6 O-O-O 19.O-O-O Bf8 20.Bxf8 Rdxf8 21.Be2 Kc7
22.Rd2 Ne5 23.Rhd1 Rd8 24.Nf5 Rxd2 25.Rxd2 h5 26.g3 Nbd7 27.Rd4 Nc6 28.Rd1 Nde5
29.Kc2 h4 30.gxh4 gxh4 31.Rg1 Ng6 32.Rg4 Rh5 33.Ne3 Rg5 34.b4 Re5 35.Bd3 Nce7
36.Kd2 f5 37.Rc4+ Kd7 38.f4 Re6 39.Nxf5 Rf6 40.Rd4+ Kc7 41.Nxe7 Nxe7 42.f5 Nc6
43.Rxh4 Ne5 44.Be4 Rxf5 45.Bxf5 Nf3+ 46.Ke3 Nxh4 47.Be4 f5 48.Bd5 Ng6 49.Bf7 f4+
50.Ke4 f3 51.Ke3  1-0

[Event "London MSO Masters"]
[Site "London"]
[Date "1999.08.26"]
[Round "6"]
[White "Saravanan, V."]
[Black "Rowson, Jonathan"]
[Result "1/2-1/2"]
[WhiteElo "2429"]
[BlackElo "2490"]

1.e4 c5 2.Nf3 d6 3.d4 Nf6 4.Nc3 cxd4 5.Nxd4 a6 6.Be3 e5 7.Nb3 Be7 8.f3 Be6
9.Qd2 O-O 10.g4 d5 11.g5 Nxe4 12.fxe4 d4 13.Nxd4 exd4 14.Qxd4 Qxd4 15.Bxd4 Bxg5
16.h4 Bh6 17.Nd5 Nc6 18.Bc5 Rfd8 19.Nc7 Rac8 20.Nxe6 fxe6 21.Bh3 Re8 22.O-O Ne5
23.b4 Nc4 24.Rf8+ Rxf8 25.Bxe6+ Kh8 26.Bxf8 Rxf8 27.Bxc4 Be3+ 28.Kg2  1/2-1/2

[Event "BIH-chT"]
[Site "Bihac"]
[Date "1999.08.27"]
[Round "7"]
[White "Sax, Gyula"]
[Black "Terzic, Safet"]
[Result "1-0"]
[WhiteElo "2588"]
[BlackElo "2330"]

1.e4 c5 2.Nf3 d6 3.d4 cxd4 4.Nxd4 Nf6 5.Nc3 a6 6.Be3 e6 7.f4 Qc7 8.Qf3 Nc6
9.O-O-O Be7 10.Kb1 Nxd4 11.Bxd4 O-O 12.g4 b5 13.g5 Nd7 14.Qh5 b4 15.Rd3 Re8
16.f5 Nf8 17.Bxg7 bxc3 18.Qh6 Qb6 19.Bxc3  1-0

[Event "EU-ch U16"]
[Site "Litohoto"]
[Date "1999.09.03"]
[Round "1"]
[White "Pinter, Gabor"]
[Black "Teterev, Vitalij"]
[Result "1-0"]
[WhiteElo "2332"]
[BlackElo "2121"]

1.e4 c5 2.Nf3 d6 3.d4 cxd4 4.Nxd4 Nf6 5.Nc3 a6 6.Be3 Ng4 7.Bg5 h6 8.Bh4 g5
9.Bg3 Bg7 10.Qd2 Nc6 11.Nb3 Be6 12.f3 Nge5 13.Nd5 b5 14.Bf2 Rb8 15.Nd4 Bd7
16.c3 e6 17.Nxc6 Nxc6 18.Ne3 O-O 19.Be2 b4 20.c4 Nd4 21.O-O Nxe2+ 22.Qxe2 Qf6
23.Rab1 Rfd8 24.b3 Bc6 25.Rfd1 a5 26.Rd3 Rb7 27.Rbd1 Qe7 28.Nc2 Rbd7 29.Bb6 Ra8
30.Bd4 Bxd4+ 31.Nxd4 Bb7 32.Qe3 Re8 33.c5 Ba6 34.cxd6 Qd8 35.Nc6 Qa8 36.Ne5 Rdd8
37.R3d2 f6 38.Nc4 Bxc4 39.bxc4 Qc6 40.c5 Rd7 41.Rc1 Rb8 42.h4 a4 43.e5 b3
44.exf6 b2 45.Rb1 Rb5 46.Qxe6+ Kf8 47.Rbxb2 Rxb2 48.Rxb2 Qxc5+ 49.Kh2 Qxd6+
50.Qxd6+ Rxd6 51.hxg5 hxg5 52.Rb4 a3 53.Ra4 Kf7 54.Rxa3 Kxf6 55.Kg3 Rd2 56.Ra6+ Kf5
57.Ra5+ Kf6 58.a4 Ra2 59.Kh3 Rc2 60.Ra6+ Kf5 61.g4+ Ke5 62.Rg6 Kf4 63.Rf6+ Ke3
64.Kg3 Ra2 65.Re6+ Kd4 66.Rg6 Rxa4 67.Rxg5 Ra1 68.Kf4 Rf1 69.Ra5  1-0

[Event "EU-ch U18"]
[Site "Litohoto"]
[Date "1999.09.04"]
[Round "2"]
[White "Liwak, Przemyslaw"]
[Black "Kundin, Alexander"]
[Result "1/2-1/2"]
[WhiteElo "2270"]
[BlackElo "2403"]

1.e4 c5 2.Nf3 d6 3.d4 cxd4 4.Nxd4 Nf6 5.Nc3 a6 6.Be3 Ng4 7.Bg5 h6 8.Bh4 g5
9.Bg3 Bg7 10.Be2 h5 11.Bxg4 hxg4 12.Nd5 Nc6 13.Nf5 Bxb2 14.Rb1 Ba3 15.Nb6 Bxf5
16.exf5 Rb8 17.O-O Bc5 18.Nd5 Ne5 19.Qe2 f6 20.Rfd1 Qa5 21.Bxe5 dxe5 22.Qc4 Kf8
23.Nxf6 exf6 24.Rd7 Be7 25.Rxe7 Kxe7 26.Qe6+ Kf8 27.Qxf6+ Kg8 28.Qe6+ Kg7
29.Qe7+ Kg8 30.Qe6+ Kg7 31.Qe7+ Kg8 32.Qe6+  1/2-1/2

[Event "EU-ch U14"]
[Site "Litohoto"]
[Date "1999.09.06"]
[Round "4"]
[White "Timofeev, Artjem"]
[Black "Gashimov, Vugar"]
[Result "0-1"]
[WhiteElo "2391"]
[BlackElo "2426"]

1.e4 c5 2.Nf3 d6 3.d4 cxd4 4.Nxd4 Nf6 5.Nc3 a6 6.Be3 e5 7.Nf3 h6 8.Bc4 Be7
9.a4 O-O 10.O-O Be6 11.Qd3 Nc6 12.Nd5 Bxd5 13.Bxd5 Nb4 14.Qb3 Nbxd5 15.exd5 Qd7
16.Nd2 b5 17.axb5 axb5 18.Rfd1 Qb7 19.c4 Rfb8 20.Rxa8 Qxa8 21.cxb5 Qxd5 22.b6 Qxb3
23.Nxb3 Ng4 24.Na5 Nxe3 25.Nc6 Nxd1 26.Nxb8 d5 27.Nc6 Bd6 28.b4 Nc3 29.b7 Kf8
30.Kf1 Ke8 31.b8=Q+ Bxb8 32.Nxb8 Ke7 33.Nc6+ Kd6 34.Nd8 f6 35.Ke1 d4 36.f3 Kd5
37.Kd2 f5 38.Nb7 e4 39.fxe4+ fxe4 40.Na5 e3+ 41.Kd3 Na2 42.b5 Nb4+ 43.Ke2 Ke4
44.Nb3 d3+ 45.Kd1 Nd5  0-1

[Event "EU-ch U18 Girls"]
[Site "Litohoto"]
[Date "1999.09.08"]
[Round "6"]
[White "Timko, Melinda"]
[Black "Sperdokli, Elli"]
[Result "1-0"]
[WhiteElo "2034"]
[BlackElo "2124"]

1.e4 c5 2.Nf3 d6 3.d4 cxd4 4.Nxd4 Nf6 5.Nc3 a6 6.Be3 Ng4 7.Qc1 Nf6 8.f3 e5
9.Nb3 Be6 10.Bg5 Nbd7 11.Qd2 Be7 12.O-O-O b5 13.h4 Qc7 14.Kb1 b4 15.Ne2 a5
16.g4 Rc8 17.Ng3 a4 18.Nc1 b3 19.Rh2 bxa2+ 20.Nxa2 Rb8 21.Qc3 Nc5 22.Nf5 O-O
23.Be3 Rfc8 24.Bxc5 Bxf5 25.gxf5 Qb7 26.Qa3 Rxc5 27.c3 Qa7 28.b4 d5 29.Ka1 Rcc8
30.exd5 Qd7 31.Rhd2 Bd6 32.Bd3 Nxd5 33.Be4 Nb6 34.Rxd6 Qxd6 35.Rxd6 Nc4 36.Qxa4 Nxd6
37.Bd5 Nxf5 38.Qd7 Nh6 39.c4 Rd8 40.Qa7 Kf8 41.b5 Rbc8 42.Nb4  1-0

[Event "EU-ch U18 Girls"]
[Site "Litohoto"]
[Date "1999.09.09"]
[Round "7"]
[White "Morkunaite, Egle"]
[Black "Andrzejewska, Edyta"]
[Result "0-1"]
[WhiteElo "2066"]
[BlackElo "2145"]

1.e4 c5 2.Nf3 d6 3.d4 cxd4 4.Nxd4 Nf6 5.Nc3 a6 6.Be3 e6 7.f4 Qc7 8.Qf3 b5
9.Bd3 Bb7 10.g4 b4 11.Nce2 Be7 12.Ng3 Nc6 13.O-O O-O 14.g5 Nd7 15.Qg4 Rfe8
16.g6 hxg6 17.Nxe6 Qc8 18.Ng5 Bxg5 19.Qxg5 Qd8 20.Qd5 Nf6 21.Qb3 Ng4 22.Bf2 Qh4
23.Kg2 Qxh2+ 24.Kf3 Nxf2 25.Ne2 Nxd3 26.cxd3 Qxe2+ 27.Kxe2 Nd4+ 28.Kd2 Nxb3+
29.axb3 Rac8 30.Ra4 Red8 31.Rxb4 Bc6 32.f5 g5 33.f6 Bb5 34.Rd4 Rc5 35.Rf2 Kf8
36.Rf1 gxf6 37.Rxf6 Ke7 38.Rh6 f6 39.Rh7+ Ke6 40.Rg7 Rd7 41.Rg8 d5 42.Re8+ Kf7
43.Re5 fxe5 44.Rxd5 Rdxd5 45.exd5 Ke7 46.Ke3 Kd6 47.Ke4 g4 48.d4 exd4  0-1

[Event "Artek olJ"]
[Site "Artek"]
[Date "1999.09.10"]
[Round "1"]
[White "Mikuev, Erentsen"]
[Black "Jobava, Baadur"]
[Result "0-1"]
[WhiteElo "2225"]
[BlackElo "2330"]

1.e4 c5 2.Nf3 d6 3.d4 cxd4 4.Nxd4 Nf6 5.Nc3 a6 6.Be3 Ng4 7.Bg5 h6 8.Bh4 g5
9.Bg3 Bg7 10.Bc4 Qa5 11.Bb3 Nc6 12.Ne2 Be6 13.Qd2 h5 14.f3 Bxb3 15.cxb3 h4
16.Bxd6 Rd8 17.b4 Nxb4 18.Bxb4 Qxb4 19.Qxg5 Qxb2 20.Qc1 Qxc1+ 21.Rxc1 Ne5
22.O-O e6 23.Rb1 b5 24.a4 bxa4 25.Rb6 h3 26.Rxa6 hxg2 27.Kxg2 Nc4 28.Rb1 a3
29.Rb7 Be5 30.h3 Rg8+ 31.Kf2 Bf6 32.Kf1 Nd2+ 33.Ke1 Bh4+ 34.Kd1 Nxe4+ 35.Kc2 Nc5  0-1

[Event "Artek olJ"]
[Site "Artek"]
[Date "1999.09.10"]
[Round "1"]
[White "Szilagyi, Zsolt"]
[Black "Jatautis, Donatas"]
[Result "1-0"]
[WhiteElo "2189"]
[BlackElo "2155"]

1.e4 c5 2.Nf3 d6 3.d4 cxd4 4.Nxd4 Nf6 5.Nc3 a6 6.Be3 e5 7.Nb3 Be7 8.Be2 Be6
9.Nd5 Nbd7 10.f3 Nxd5 11.exd5 Bf5 12.Qd2 O-O 13.O-O Rc8 14.Rfc1 Re8 15.a4 Bf6
16.Ra2 h6 17.Na5 Rc7 18.Nc4 Qe7 19.a5 Rec8 20.Ra4 Bg5 21.Rb4 Nc5 22.b3 Rd8
23.Bf1 Bc8 24.Re1 f5 25.Rb6 Bf6 26.Qb4 Qf8 27.f4 e4 28.Rd1 Nd7 29.Qa3 Re8
30.Nxd6  1-0

[Event "EU-ch U14"]
[Site "Litohoto"]
[Date "1999.09.10"]
[Round "8"]
[White "Mamedov, Nidjat"]
[Black "Guseinov, Kadir"]
[Result "1-0"]
[WhiteElo "2298"]
[BlackElo "2426"]

1.e4 c5 2.Nf3 d6 3.d4 cxd4 4.Nxd4 Nf6 5.Nc3 a6 6.Be3 e5 7.Nb3 Be6 8.f3 Be7
9.g4 d5 10.g5 d4 11.gxf6 Bxf6 12.Bxd4 exd4 13.Ne2 Nc6 14.Qd2 O-O 15.O-O-O Bxb3
16.axb3 a5 17.Kb1 a4 18.Nc1 a3 19.Bb5 d3 20.c3 axb2 21.Qxb2 Qa5 22.Bxc6 Bxc3
23.Qa2 Qc7 24.Ba4 b5 25.Rxd3 bxa4 26.Qc2 Rfc8 27.Rhd1 Qa5 28.Qa2 Qb6 29.Qa3 axb3
30.Rxc3 Rcb8 31.Qb2 Qf6 32.Rxb3 Rxb3 33.Qxb3 Qa1+ 34.Kc2 Rc8+ 35.Kd2 Qe5
36.Nd3 Qxh2+ 37.Ke3 Rc2 38.Qxc2 Qxc2 39.Rc1  1-0

[Event "CRO-chT (Women)"]
[Site "Pula"]
[Date "1999.09.10"]
[Round "2"]
[White "Madl, Ildiko"]
[Black "Roschina, Tatiana"]
[Result "1/2-1/2"]
[WhiteElo "2435"]
[BlackElo "2248"]

1.e4 c5 2.Nf3 d6 3.d4 cxd4 4.Nxd4 Nf6 5.Nc3 a6 6.Be3 Ng4 7.Bg5 h6 8.Bh4 g5
9.Bg3 Bg7 10.Be2 h5 11.Bxg4 Bxg4 12.f3 Be6 13.Bf2 Nd7 14.Qd2 Ne5 15.b3 Qa5
16.Nd5 Qxd2+ 17.Kxd2 Rc8 18.Nb6 Rc7 19.c4 Nc6 20.Kd3 Nxd4 21.Bxd4 Bxd4 22.Kxd4 Bd7
23.a4 a5 24.Nd5 Rc8 25.Rhe1 e6 26.Nc3 f6 27.Red1 Ke7 28.Ra2 Bc6 29.Re2 h4
30.Ke3 Rcd8 31.Red2 Rd7 32.Ne2 Ra8 33.Nd4 Rc8 34.Ne2 Rcd8 35.f4 g4 36.Nc3 Rc8
37.f5 e5 38.Ne2 Rcd8 39.Nc1 Rc8 40.Nd3 b6 41.Nb2 Rg8 42.Rd3 Ra8 43.R1d2 Re8
44.Nd1 Rg8 45.Nc3 Rc8 46.Rd1 Rg8 47.Kf2 Rdd8 48.Re3 Rg7 49.Ke2 Kd7 50.Kd3 Kc7
51.Re2 Rh8 52.Rc2 Kb7 53.Rb1 Ra8 54.Rcb2 Ra6 55.Ke3 Kc7 56.Rc1 Kb7 57.Rd2 Rd7
58.Rcd1 Kc7 59.h3 gxh3 60.gxh3 Rg7 61.Ne2 Ra8 62.Rxd6 Rf8 63.R6d3 Rg2 64.Rg1 Bxe4
65.Kxe4 Rxe2+ 66.Kf3 Rh2 67.Rg7+ Kc6 68.Ke4 Re2+ 69.Kf3 Rh2 70.Ke4 Re2+  1/2-1/2

[Event "CRO-chT"]
[Site "Pula"]
[Date "1999.09.11"]
[Round "3"]
[White "Zufic, Miroslav"]
[Black "Sertic, Rudolf"]
[Result "1/2-1/2"]
[WhiteElo "2141"]
[BlackElo "2153"]

1.e4 c5 2.Nf3 d6 3.d4 cxd4 4.Nxd4 Nf6 5.Nc3 a6 6.Be3 e5 7.Nb3 Be7 8.Qd2 b5
9.f3 Be6 10.g4 d5 11.exd5 Nxd5 12.Nxd5 Bxd5 13.Bg2 Bh4+ 14.Bf2 Bg5 15.Be3 Bxe3
16.Qxe3 Qh4+ 17.Qf2 Qxf2+ 18.Kxf2 Nc6 19.Rhd1 Ne7 20.c3 Rc8 21.Nd2 O-O 22.Nf1 Rfd8
23.Rd2 Be6 24.Rxd8+ Rxd8 25.a4 f6 26.axb5 axb5 27.Ra7 Ng6 28.Rb7 Bc4 29.b3 Bd3
30.Ne3 Nf4 31.Bf1 g6 32.Bxd3 Rxd3 33.Rxb5 Rxc3 34.Rb7 Rc1 35.b4 Rb1 36.b5 Rb2+
37.Kf1 Rb3 38.Kf2  1/2-1/2

[Event "Asia-ch U20"]
[Site "Vung Tau City"]
[Date "1999.09.12"]
[Round "1"]
[White "Hossain, Enamul"]
[Black "Ahmad, Aziz"]
[Result "1-0"]
[WhiteElo "2325"]
[BlackElo "2327"]

1.e4 c5 2.Nf3 d6 3.d4 cxd4 4.Nxd4 Nf6 5.Nc3 a6 6.Be3 e5 7.Nb3 Be7 8.f3 h5
9.Qd2 Be6 10.Nd5 Bxd5 11.exd5 Nbd7 12.c4 O-O 13.Be2 Rb8 14.O-O Qe8 15.Rfd1 Bd8
16.c5 dxc5 17.Nxc5 Nb6 18.d6 Nbd5 19.Bf2 Bb6 20.Bc4 Nf4 21.b4 Qc6 22.Rac1 Ng4
23.Bg3 Nf6 24.Kh1 Bxc5 25.bxc5 Ng6 26.Qg5 Kh7 27.Bxe5 Nxe5 28.Qxe5 Rbc8 29.d7 Rcd8
30.Rd6 Qa4 31.Bd3+ Kg8 32.Rxf6 Qa3 33.Rd1 Qa4 34.Rg1  1-0

[Event "Artek olJ"]
[Site "Artek"]
[Date "1999.09.14"]
[Round "4"]
[White "Kharitonov, Sergei"]
[Black "Danielian, V."]
[Result "1-0"]
[WhiteElo "2219"]
[BlackElo "2289"]

1.e4 c5 2.Nf3 d6 3.d4 cxd4 4.Nxd4 Nf6 5.Nc3 a6 6.Be3 Ng4 7.Bg5 h6 8.Bh4 g5
9.Bg3 Bg7 10.Be2 h5 11.Bxg4 hxg4 12.O-O Bxd4 13.Qxd4 f6 14.Rad1 Nc6 15.Qe3 Be6
16.e5 fxe5 17.Qxg5 Rg8 18.Qh6 Kd7 19.Ne4 Qb6 20.b3 Raf8 21.c4 Nd4 22.Rfe1 Bf5
23.Bxe5 Bxe4 24.Rxd4 Bf5 25.Qe3 Qc6 26.c5 Qxc5 27.Bxd6  1-0

[Event "CRO-chT"]
[Site "Pula"]
[Date "1999.09.14"]
[Round "5"]
[White "Sax, Gyula"]
[Black "Maksimenko, Andrei"]
[Result "1/2-1/2"]
[WhiteElo "2588"]
[BlackElo "2515"]

1.e4 c5 2.Nf3 d6 3.d4 cxd4 4.Nxd4 Nf6 5.Nc3 a6 6.Be3 e6 7.g4 h6 8.Qf3 Nbd7
9.Qh3 Nc5 10.f3 e5 11.Nb3 Be6 12.Nxc5 dxc5 13.Qg3 Be7 14.h4 b5 15.Rh2 Ra7
16.Rd2 Nd7 17.g5 hxg5 18.Bxg5 Rh5 19.Bxe7 Qxe7 20.Rh2 g5 21.hxg5  1/2-1/2

[Event "Asia-ch U20"]
[Site "Vung Tau City"]
[Date "1999.09.14"]
[Round "3"]
[White "Bakre, Tejas"]
[Black "Mas, Hafizulhelmi"]
[Result "0-1"]
[WhiteElo "2361"]
[BlackElo "2426"]

1.e4 c5 2.Nf3 d6 3.d4 cxd4 4.Nxd4 Nf6 5.Nc3 a6 6.Be3 Nc6 7.Qd2 e6 8.O-O-O Bd7
9.f3 Nxd4 10.Bxd4 Bc6 11.g4 h6 12.h4 b5 13.Rg1 Nd7 14.g5 hxg5 15.hxg5 b4
16.Nb1 d5 17.g6 f6 18.Bg2 dxe4 19.fxe4 e5 20.Be3 Qa5 21.Qe2 Bc5 22.Bxc5 Qxc5
23.Nd2 Bb5 24.Qg4 Rc8 25.Qe6+ Kd8 26.Kb1 Qxc2+ 27.Ka1 Be2 28.Bf3 Bxd1 29.Rxd1 Qxd2  0-1

[Event "CRO-chT"]
[Site "Pula"]
[Date "1999.09.16"]
[Round "7"]
[White "Rogic, Davor"]
[Black "Maksimenko, Andrei"]
[Result "1-0"]
[WhiteElo "2505"]
[BlackElo "2515"]

1.e4 c5 2.Nf3 d6 3.d4 cxd4 4.Nxd4 Nf6 5.Nc3 a6 6.Be3 e6 7.g4 h6 8.f4 e5 9.Nf5 h5
10.Qd2 Nxg4 11.O-O-O Nxe3 12.Nxe3 exf4 13.Ned5 Bg4 14.Re1 Nc6 15.h3 Be6 16.Nxf4 Ne5
17.Rd1 Be7 18.Kb1 Rc8 19.Ncd5 Bg5 20.Qg2 Rh6 21.Be2 Bxf4 22.Nxf4 g6 23.Rhf1 Qe7
24.Qf2 Rh8 25.Rd2 Rc6 26.Qa7 Bc8 27.Qd4 Be6 28.Qa7 Bc8 29.Qd4 Qd8 30.Rfd1 Qg5
31.Nd5 Rc5 32.Ne3 Rc6 33.Nc4 Ke7 34.Nxd6 Bxh3 35.Nf5+ Kf6 36.Qd6+  1-0

[Event "CRO-chT"]
[Site "Pula"]
[Date "1999.09.16"]
[Round "7"]
[White "Sulc, Damir"]
[Black "Zivkovic, Vesna"]
[Result "0-1"]
[WhiteElo "2284"]
[BlackElo "2174"]

1.e4 c5 2.Nf3 d6 3.d4 cxd4 4.Nxd4 Nf6 5.Nc3 a6 6.Be3 Ng4 7.Bg5 h6 8.Bh4 g5
9.Bg3 Bg7 10.Be2 h5 11.Bxg4 hxg4 12.O-O Nc6 13.Nf5 Bxf5 14.exf5 Bxc3 15.bxc3 Ne5
16.Rb1 Qc7 17.Bxe5 dxe5 18.Qd5 Rb8 19.Rfe1 f6 20.Red1 Qc8 21.Qe4 Qxc3 22.Rb3 Qc5
23.g3 Kf7 24.Rd5 Qc6 25.c4 Rh6 26.c5 Rbh8 27.Rb6 Qc8 28.Qxg4 Rxh2  0-1

[Event "CRO-chT"]
[Site "Pula"]
[Date "1999.09.16"]
[Round "7"]
[White "Jurkovic, Ante"]
[Black "Vitic, Ivan"]
[Result "0-1"]
[WhiteElo "2339"]
[BlackElo "2320"]

1.e4 c5 2.Nf3 d6 3.d4 cxd4 4.Nxd4 Nf6 5.Nc3 a6 6.Be3 e5 7.Nf3 Be7 8.Bc4 O-O
9.a4 Nc6 10.O-O Be6 11.Qe2 Rc8 12.Bxe6 fxe6 13.Rfd1 Qc7 14.Ng5 Nd8 15.a5 Qc6
16.Bb6 Re8 17.Ra4 Bf8 18.Nf3 Nf7 19.Nd2 d5 20.exd5 exd5 21.Rh4 d4 22.Nce4 Nxe4
23.Nxe4 Qxc2 24.Qf3 Be7 25.Rh3 Rf8 26.Qd3 Qxd3 27.Rhxd3 Rc2 28.f4 Re2 29.Ng3 Rxb2
30.fxe5 Nxe5 31.Rxd4 Rxb6 32.axb6 Bc5 33.Kh1 Bxd4 34.Rxd4 Rf6 35.h3 Rxb6
36.Nf5 g6 37.Rd8+ Kf7 38.Ng3 Rb4 39.Kg1 a5 40.Kf2 a4 41.Ra8 h5 42.Ke3 Rb3+
43.Kf4 Nd3+ 44.Kg5 a3 45.Ne4 Nc1 46.Nd6+ Ke6 47.Nxb7 Rb5+ 48.Kxg6 a2 49.Nd8+ Kd7
50.Nf7 Rb1 51.Kxh5 a1=Q  0-1

[Event "CRO-chT (Women)"]
[Site "Pula"]
[Date "1999.09.18"]
[Round "9"]
[White "Madl, Ildiko"]
[Black "Grosar, Kiti"]
[Result "1/2-1/2"]
[WhiteElo "2435"]
[BlackElo "2234"]

1.e4 c5 2.Nf3 d6 3.d4 cxd4 4.Nxd4 Nf6 5.Nc3 a6 6.Be3 e6 7.g4 h5 8.g5 Ng4
9.Bc1 Qb6 10.Qd2 Ne5 11.Be2 g6 12.f4 Nec6 13.Nxc6 Nxc6 14.Na4 Qc7 15.Qc3 Rg8
16.Be3 Bg7 17.Qd2 b5 18.Nb6 Rb8 19.Nxc8 Rxc8 20.c3 Ke7 21.O-O Na5 22.Rad1 Rgd8
23.Qe1 Nc4 24.Bxc4 Qxc4 25.Bb6 Rd7 26.a3 d5 27.f5 gxf5 28.Bd4 Rg8 29.exf5 Bxd4+
30.Rxd4 Rxg5+ 31.Kh1 Qc6 32.f6+ Kd6 33.Qh4  1/2-1/2

[Event "Asia-ch U20"]
[Site "Vung Tau City"]
[Date "1999.09.24"]
[Round "10"]
[White "Hossain, Enamul"]
[Black "Lim Chuing Hoong"]
[Result "1-0"]
[WhiteElo "2325"]
[BlackElo "2226"]

1.e4 c5 2.Nf3 d6 3.d4 cxd4 4.Nxd4 Nf6 5.Nc3 a6 6.Be3 e5 7.Nb3 Be7 8.f3 Be6
9.Qd2 O-O 10.O-O-O a5 11.Bb5 Nc6 12.Kb1 Qb8 13.g4 Rc8 14.g5 Ne8 15.Nd5 Bxd5
16.exd5 a4 17.Nc1 a3 18.b3 Nc7 19.Bf1 Nd4 20.c4 Nxf3 21.Qd3 Nxg5 22.h4 Nf3
23.Qe4 Nxh4 24.Rxh4 Bxh4 25.Qxh4 Re8 26.Bd3 e4 27.Rh1 exd3 28.Qxh7+ Kf8 29.Bg5 f6
30.Bxf6 gxf6 31.Rg1  1-0

[Event "Paks 09 GM"]
[Site "Paks"]
[Date "1999.09.27"]
[Round "7"]
[White "Rogic, Davor"]
[Black "Kulaots, Kaido"]
[Result "1/2-1/2"]
[WhiteElo "2505"]
[BlackElo "2478"]

1.e4 c5 2.Nf3 d6 3.d4 cxd4 4.Nxd4 Nf6 5.Nc3 a6 6.Be3 Ng4 7.Bg5 h6 8.Bh4 g5
9.Bg3 Bg7 10.h3 Ne5 11.Nf5 Bxf5 12.exf5 Qa5 13.Qd5 Nbc6 14.Qxa5 Nxa5 15.Nd5 Rc8
16.O-O-O e6 17.Ne3 d5 18.Re1 Nac6 19.fxe6 fxe6 20.Kb1 h5 21.Be2 Kf7 22.f4 gxf4
23.Bxf4 Rcf8 24.Rhf1 Kg6 25.g3 Bf6 26.Ng2 Kg7 27.Bd2 Ng6 28.Nf4 Nxf4 29.gxf4 Nd4
30.Bd3 Kf7 31.c4 dxc4 32.Bxc4 Rc8 33.Rc1 Nf5 34.Rfe1 Rc6 35.Be2 Nd4 36.Rxc6 bxc6
37.Bc4 Nf3 38.Bxe6+ Kg7 39.Re2 Nxd2+ 40.Rxd2 Rd8 41.Rxd8 Bxd8 42.Kc2 Bc7
43.f5 Be5 44.Kb3 Kf6 45.Bc8 h4 46.Ka3 c5 47.Kb3 Bd4 48.Ka3 Ke5 49.Kb3 Kf6
50.Kc2 Ke5 51.b3 a5 52.Kd3 Bb2 53.Kc4 Ba3 54.Kb5 Bb4 55.Ka4 Bc3  1/2-1/2